Sociální politika podniku
Sociálna politika podniku ako súčasť systému personálneho riadenia. Problémy podnikovej sociálnej politiky v rámci starostlivosti o pracovníkov v priemyselných organizáciách v ČR. Pôsobenie sociálnej politiky podniku.
Enregistré dans:
| Auteur principal: | |
|---|---|
| Format: | Chapitre de livre |
| Langue: | tchèque |
| Sujets: | |
| Tags: |
Pas de tags, Soyez le premier à ajouter un tag!
|
MARC
| LEADER | 00000naa a2200000 4500 | ||
|---|---|---|---|
| 001 | r024933 | ||
| 005 | 20221205102741.8 | ||
| 041 | 0 | |a cze | |
| 044 | |a CZ | ||
| 245 | 1 | 0 | |a Sociální politika podniku |c F. Olexa |
| 520 | |a Sociálna politika podniku ako súčasť systému personálneho riadenia. Problémy podnikovej sociálnej politiky v rámci starostlivosti o pracovníkov v priemyselných organizáciách v ČR. Pôsobenie sociálnej politiky podniku. | ||
| 610 | 2 | 0 | |a politika sociálna podniková |
| 610 | 2 | 0 | |a politika personálna |
| 610 | 2 | 0 | |a politika sociálna |
| 610 | 2 | 0 | |a podmienky pracovné |
| 610 | 2 | 0 | |a starostlivosť o pracovníkov |
| 610 | 2 | 0 | |a služby sociálne |
| 610 | 2 | 0 | |a podnik |
| 610 | 2 | 0 | |a stabilizácia pracovníkov |
| 610 | 2 | 0 | |a Česko |
| 100 | 1 | |a Olexa, F. | |